Mathematics of physics and modern engineering /
Guardado en:
| Autor Principal: | |
|---|---|
| Otros Autores: | |
| Formato: | Libro |
| Idioma: | English |
| Publicado: |
New York : Tokyo :
McGraw-Hill ; Kogakusha,
c1966.
|
| Edición: | 2nd ed., International student ed. |
| Materias: | |
| Etiquetas: |
Agregar Etiqueta
Sin Etiquetas, Sea el primero en etiquetar este registro!
|
| LEADER | 01138nam a22002415a 4500 | ||
|---|---|---|---|
| 001 | MAT.inmabb005327 | ||
| 008 | 840809s1966####nyua#####b####001#0#eng## | ||
| 005 | 20160621122946.0 | ||
| 245 | 1 | 0 | |a Mathematics of physics and modern engineering / |c I. S. Sokolnikoff, R. M. Redheffer. |
| 250 | |a 2nd ed., International student ed. | ||
| 260 | |a New York : |b McGraw-Hill ; |a Tokyo : |b Kogakusha, |c c1966. | ||
| 300 | |a xi, 752 p. : |b il. ; |c 26 cm. | ||
| 504 | |a Notas bibliográficas al pie. | ||
| 505 | 0 | |a 1. Infinite series -- 2. Nonlinear differential equations -- 3. Linear differential equations and Laplace transform -- 4. Algebra and geometry of vectors; matrices -- 5. Functions of several variables -- 6. Field theory -- 7. Partial differential equations -- 8. Complex variable -- 9. Probability -- 10. Numerical analysis. | |
| 510 | 4 | |a MR, |c 35 #2523 | |
| 100 | 1 | |a Sokolnikoff, Ivan Stephen, |d 1901- | |
| 700 | 1 | |a Redheffer, Raymond M. | |
| 650 | 0 | |a Mathematical physics. | |
| 650 | 0 | |a Engineering mathematics. | |
| 084 | |a 00A69 |2 msc2000 | ||
| 010 | |a 65028518 | ||
| 040 | |a DLC/ICU |c ICU |d DLC | ||
| 859 | |h 00A69 |i So683-2 |p A-3022 |b BIB. MATEMATICA | ||
